00959nam a2200241 i 4500001000700000003000900007005001700016007000300033008004100036100003900077245014000116250003900256260004900295300002600344650003200370651005500402651004700457700002500504700002700529852002100556999001900577952012100596146470ES-MaACL20230906201538.0t|070911s1913 fr ||||1| fre d1 aGregorio de Tours cSanto.911115210aHistoire des francs / cGrégoire de Tours ; texte des manuscrits de Corbie et de Bruxelles ; publie par Henri Omont et Gaston Collon. aNouvelle ed. par Renè Poupardin. aParis : b[s.n.], c1913 (fProtat Frères) aXXX, 50 p. ; c20 cm. 4aFrancos-xHistoria.9146091 4aFrancia-xHistoria-y476-687, Merovingios.9146090 aFrancia-xHistoria eclesiástica.91538861 aHenri, Omont.9625681 aCollon, Gaston.939752 aES-MaACLjF-2780 c146470d146470 00104070aATENEOMbATENEOMcDEPO2d2008-01-17eSCl0oF-2780p1152875r2023-02-23 00:00:00w2023-02-23yMONOGRAFIA